| 000 -LEADER |
| fixed length control field |
02636cam a2200409 a 4500 |
| 001 - CONTROL NUMBER |
| control field |
16955093 |
| 005 - DATE AND TIME OF LATEST TRANSACTION |
| control field |
20170105102919.0 |
| 008 - FIXED-LENGTH DATA ELEMENTS--GENERAL INFORMATION |
| fixed length control field |
110909s2012 enk b 001 0 eng |
| 010 ## - LIBRARY OF CONGRESS CONTROL NUMBER |
| LC control number |
2011037641 |
| 015 ## - NATIONAL BIBLIOGRAPHY NUMBER |
| National bibliography number |
GBB1C1607 |
| Source |
bnb |
| 016 7# - NATIONAL BIBLIOGRAPHIC AGENCY CONTROL NUMBER |
| Record control number |
015951973 |
| Source |
Uk |
| 020 ## - INTERNATIONAL STANDARD BOOK NUMBER |
| International Standard Book Number |
9781409422136 (hbk. : alk. paper) |
| 020 ## - INTERNATIONAL STANDARD BOOK NUMBER |
| International Standard Book Number |
1409422135 (hbk. : alk. paper) |
| 020 ## - INTERNATIONAL STANDARD BOOK NUMBER |
| International Standard Book Number |
9781409422143 (ebk.) |
| 020 ## - INTERNATIONAL STANDARD BOOK NUMBER |
| International Standard Book Number |
1409422143 (ebk.) |
| 035 ## - SYSTEM CONTROL NUMBER |
| System control number |
(OCoLC)ocn752472452 |
| 040 ## - CATALOGING SOURCE |
| Original cataloging agency |
DLC |
| Language of cataloging |
eng |
| Transcribing agency |
DLC |
| Modifying agency |
YDX |
| -- |
BTCTA |
| -- |
YDXCP |
| -- |
E7B |
| -- |
UKMGB |
| -- |
OCLCQ |
| -- |
CDX |
| -- |
PUL |
| -- |
BWX |
| -- |
DLC |
| 042 ## - AUTHENTICATION CODE |
| Authentication code |
pcc |
| 043 ## - GEOGRAPHIC AREA CODE |
| Geographic area code |
mb----- |
| 050 00 - LIBRARY OF CONGRESS CALL NUMBER |
| Classification number |
JN98 |
| Item number |
.N48 2012 |
| 082 00 - DEWEY DECIMAL CLASSIFICATION NUMBER |
| Classification number |
320.5409182/29 |
| Edition number |
23 |
| 245 00 - TITLE STATEMENT |
| Title |
New regionalism or no regionalism? : |
| Remainder of title |
emerging regionalism in the Black Sea area / |
| Statement of responsibility, etc. |
edited by Ruxandra Ivan. |
| 260 ## - PUBLICATION, DISTRIBUTION, ETC. |
| Place of publication, distribution, etc. |
Farnham, Surrey ; |
| -- |
Burlington, VT : |
| Name of publisher, distributor, etc. |
Ashgate, |
| Date of publication, distribution, etc. |
2012. |
| 300 ## - PHYSICAL DESCRIPTION |
| Extent |
xv, 227 p. ; |
| Dimensions |
24 cm. |
| 490 1# - SERIES STATEMENT |
| Series statement |
The international political economy of new regionalisms series |
| 504 ## - BIBLIOGRAPHY, ETC. NOTE |
| Bibliography, etc. note |
Includes bibliographical references and index. |
| 505 0# - FORMATTED CONTENTS NOTE |
| Formatted contents note |
Fluid histories: culture, community, and the longue durée of the Black Sea world / Alexander A. Bauer, Owen P. Doonan -- Two axes, three seas: a geopolitical assessment of the wider Black Sea area / Nicolas Bárdos-Féltoronyi -- The Black Sea area within the international system: the struggle for influence between the USA and Russia / Baptiste Chatré, Stéphane Delory -- Energy politics in the Black Sea region / Radu Dudau, Armando Marques Guedes -- Normative narratives of EU foreign policy in the Black Sea region / Cristian Nitoiu -- The Russian factor in the wider Black Sea region: inconclusive status quo or a neo-imperial strategy? / Octavian Milevschi -- New regionalization for a new regional leader: the role of Azerbaijan in the Southern Caucasus / Samuel Lussac -- Black Sea leadership in Romanian foreign policy discourse / Ruxandra Ivan -- Regionalism at the margins: East Central European and Black Sea regional cooperation initiatives in comparative perspective / Luciana Ghica -- A comparison of Caribbean and Black Sea regionalisms / Caterina Preda. |
| 650 #0 - SUBJECT ADDED ENTRY--TOPICAL TERM |
| Topical term or geographic name entry element |
Regionalism |
| Geographic subdivision |
Black Sea Region. |
| 650 #0 - SUBJECT ADDED ENTRY--TOPICAL TERM |
| Topical term or geographic name entry element |
Geopolitics |
| Geographic subdivision |
Black Sea Region. |
| 651 #0 - SUBJECT ADDED ENTRY--GEOGRAPHIC NAME |
| Geographic name |
Black Sea Region |
| General subdivision |
Politics and government |
| Chronological subdivision |
21st century. |
| 651 #0 - SUBJECT ADDED ENTRY--GEOGRAPHIC NAME |
| Geographic name |
Black Sea Region |
| General subdivision |
Foreign relations. |
| 700 1# - ADDED ENTRY--PERSONAL NAME |
| Personal name |
Ivan, Ruxandra. |
| 830 #0 - SERIES ADDED ENTRY--UNIFORM TITLE |
| Uniform title |
International political economy of new regionalisms series. |
| 906 ## - LOCAL DATA ELEMENT F, LDF (RLIN) |
| a |
7 |
| b |
cbc |
| c |
orignew |
| d |
1 |
| e |
ecip |
| f |
20 |
| g |
y-gencatlg |
| 942 ## - ADDED ENTRY ELEMENTS (KOHA) |
| Source of classification or shelving scheme |
|
| Koha item type |
Book |